|
|
|
|
| LEADER |
00768aam a22002178a 4500 |
| 001 |
00029668 |
| 008 |
121012s2012 ||||||viesd |
| 005 |
20171026081025.0 |
| 020 |
# |
# |
|a 9780821389553
|
| 041 |
0 |
# |
|a vie
|
| 082 |
|
|
|a 338.9
|b H419TH
|
| 100 |
1 |
# |
|a Lin, Justin Yifu
|d 1952-
|
| 245 |
1 |
0 |
|a Học thuyết kinh tế cơ bản mới
|b Cơ sở để xem xét lại sự phát triển và chính sách
|c Justin Yifu Lin
|
| 260 |
# |
# |
|a Washington, D.C
|b World Bank,
|c 2012
|
| 300 |
# |
# |
|a xi, 356 p
|b ill.
|c 23 cm.
|
| 653 |
# |
# |
|a Học thuyết
|
| 653 |
# |
# |
|a Kinh tế mới
|
| 852 |
# |
# |
|b Kho đọc
|j KD.0014094
|
| 852 |
# |
# |
|j KD.0014094
|
| 910 |
|
|
|d 12/10/2012
|
| 980 |
# |
# |
|a Trung tâm Học liệu Lê Vũ Hùng, Trường Đại học Đồng Tháp
|